书目信息 |
| 题名: |
植物化学成分
|
|
| 作者: | 陈业高 | |
| 分册: | ||
| 出版信息: | 北京 化学工业出版社 2004 |
|
| 页数: | 283 | |
| 开本: | 26cm | |
| 丛书名: | ||
| 单 册: | ||
| 中图分类: | Q946.91 | |
| 科图分类: | ||
| 主题词: | 植物学:生物化学 | |
| 电子资源: | ||
| ISBN: | 7-5025-5291-X | |
| 000 | 00505nam0 2200181 450 | |
| 001 | 0741144344 | |
| 005 | 20070817112544.34 | |
| 010 | @a7-5025-5291-X@d¥40.00 | |
| 100 | @a20070817d km y0chiy0120 ea | |
| 101 | 0 | @achi |
| 200 | 1 | @a植物化学成分@Azhi wu hua xue cheng fen@f陈业高@Fchen ye gao |
| 210 | @a北京@c化学工业出版社@d2004 | |
| 215 | @a283@d26cm | |
| 606 | 0 | @a植物学:生物化学 |
| 690 | @aQ946.91@v3 | |
| 701 | 0 | @a陈业高@Achen ye gao |
| 801 | 0 | @aCN@bPFT@c20070817 |
| 905 | @a213230@dQ946.91@en1@f1 | |
| 植物化学成分/陈业高.-北京:化学工业出版社,2004 |
| 283;26cm |
| ISBN 7-5025-5291-X:¥40.00 |
| ● |
| 相关链接 |
|
|
|
|
正题名:植物化学成分
索取号:Q946.91/n1
 
预约/预借
| 序号 | 登录号 | 条形码 | 馆藏地/架位号 | 状态 | 备注 |
| 1 | 6601243 | 266012432 | 密集书库-生命科学系/ [索取号:Q946.91/n1] | 在馆 | |
| 2 | 6601634 | 266016349 | 密集书库-生命科学系/ [索取号:Q946.91/n1] | 在馆 | |
| 3 | 6601635 | 266016358 | 密集书库-生命科学系/ [索取号:Q946.91/n1] | 在馆 |